000 00660nam a2200193 i 4500
001 bg
245 0 _aReactivity of Solids :
_bproceedings of the 9th International Symposium on the Reactivity of Solids, Cracow, September 1-6, 1980.
_nVol.1 /
_ced. by Krystyna Dyrek, Jerzy Haber, Janusz Nowotny.
260 _aWarszawa ;
_aAmsterdam :
_bPWN :
_bElsevier,
_c1982.
700 1 _aDyrek, Krystyna.
_eRed.
700 1 _aHaber, Jerzy
_d(1930-2010).
_eRed.
700 1 _aNowotny, Janusz.
_eRed.
020 _a8301035854
040 _cBPK
041 _apol
080 _a538.9
920 _a83-01-03585-4
942 _cKS
008 s pl f |000 0 pol
999 _c21817
_d21817
856 _uhttp://koha.tu.koszalin.pl/cgi-bin/koha/opac-detail.pl?biblionumber=21817
_yKatalog online BPK